Vplyv pôsobenia trhového rizika na cenné papiere v portfóliách komerčných bánk SR hodnotených podľa IAS/IFRS diplomová práca

Salvato in:
Dettagli Bibliografici
Autore principale: Drahoš, Andrej
Ente Autore: Národohospodárska fakulta EU. Katedra bankovníctva a medzinárodných financií
Altri autori: Schwarzová, Mária
Natura: Libro
Lingua:slovacco
Pubblicazione: Bratislava 2016
Tags: Aggiungi Tag
Nessun Tag, puoi essere il primo ad aggiungerne!!

MARC

LEADER 00000nbm a2200000 4500
001 0217927
005 20240722095949.4
041 0 |a slo 
044 |a SK 
245 1 0 |a Vplyv pôsobenia trhového rizika na cenné papiere v portfóliách komerčných bánk SR hodnotených podľa IAS/IFRS  |b diplomová práca  |c Andrej Drahoš ; školiteľ: Mária Schwarzová 
264 1 |a Bratislava  |c 2016 
300 |a 67 s. 
100 1 |a Drahoš, Andrej 
700 1 |a Schwarzová, Mária 
710 2 |a Národohospodárska fakulta EU. Katedra bankovníctva a medzinárodných financií